US Senate Click Quiz - Statistics

General Stats
  • This quiz has been taken 131 times
    35 since last reset
  • The average score is 41 of 50
Answer Stats
Hint Answer % Correct
California 1. Two Democrats
93%
Maryland 1. Two Democrats
93%
Oregon 1. Two Democrats
93%
Mississippi 2. Two Republicans
93%
Utah 2. Two Republicans
93%
Massachusetts 1. Two Democrats
89%
New Jersey 1. Two Democrats
89%
New York 1. Two Democrats
89%
Rhode Island 1. Two Democrats
89%
Alabama 2. Two Republicans
89%
Arkansas 2. Two Republicans
89%
Idaho 2. Two Republicans
89%
Kansas 2. Two Republicans
89%
Kentucky 2. Two Republicans
89%
Louisiana 2. Two Republicans
89%
Missouri 2. Two Republicans
89%
North Dakota 2. Two Republicans
89%
Oklahoma 2. Two Republicans
89%
Texas 2. Two Republicans
89%
Wyoming 2. Two Republicans
89%
Connecitcut 1. Two Democrats
86%
Delaware 1. Two Democrats
86%
Hawaii 1. Two Democrats
86%
Washington 1. Two Democrats
86%
Florida 2. Two Republicans
86%
Indiana 2. Two Republicans
86%
Ohio 2. Two Republicans
86%
South Carolina 2. Two Republicans
86%
Tennessee 2. Two Republicans
86%
West Virginia 2. Two Republicans
86%
Colorado 1. Two Democrats
82%
Illinois 1. Two Democrats
82%
New Mexico 1. Two Democrats
82%
Montana 2. Two Republicans
82%
Nebraska 2. Two Republicans
82%
South Dakota 2. Two Republicans
82%
Pennsylvania 3. One From Each Party
82%
Minnesota 1. Two Democrats
79%
New Hampshire 1. Two Democrats
79%
Iowa 2. Two Republicans
79%
Virginia 1. Two Democrats
75%
Vermont 1. Two Democrats
71%
Alaska 2. Two Republicans
71%
North Carolina 2. Two Republicans
71%
Maine 3. One From Each Party
68%
Wisconsin 3. One From Each Party
68%
Nevada 1. Two Democrats
64%
Arizona 1. Two Democrats
61%
Michigan 1. Two Democrats
61%
Georgia 1. Two Democrats
57%
No matching quizzes found
Score Distribution
Percent of People with Each Score
Percentile by Number Answered
Your Score History
You have not taken this quiz since the last reset